Catálogo
Digital

Catálogo
Digital

Temas actuales y tendencias en la ciencia política (Record no. 14238)

MARC details
000 -CABECERA
campo de control de longitud fija 01551nam a2200301 4500
003 - IDENTIFICADOR DEL NÚMERO DE CONTROL
campo de control EC-UNACH
005 - FECHA Y HORA DE LA ÚLTIMA TRANSACCIÓN
campo de control 20251203114938.0
006 - CÓDIGOS DE INFORMACIÓN DE LONGITUD FIJA--CARACTERÍSTICAS DEL MATERIAL ADICIONAL
campo de control de longitud fija s||||gr|||| 00| 00
008 - DATOS DE LONGITUD FIJA--INFORMACIÓN GENERAL
campo de control de longitud fija 150116t9999 mx r gr 000 0 spa d
020 ## - NÚMERO INTERNACIONAL ESTÁNDAR DEL LIBRO
Número Internacional Estándar del Libro 978-9978-67-188-7
040 ## - FUENTE DE LA CATALOGACIÓN
Centro catalogador/agencia de origen EC-UNACH
Centro/agencia transcriptor EC-UNACH
041 ## - CÓDIGO DE LENGUA
Código de lengua del texto/banda sonora o título independiente spa
082 04 - NÚMERO DE LA CLASIFICACIÓN DECIMAL DEWEY
Número de edición 23
Número de clasificación 302.2
Número de documento/Ítem L018407
110 ## - ENTRADA PRINCIPAL--NOMBRE DE ENTIDAD CORPORATIVA
Nombre de entidad corporativa o nombre de jurisdicción como elemento de entrada Flacso
245 ## - MENCIÓN DE TÍTULO
Título Temas actuales y tendencias en la ciencia política
250 ## - MENCIÓN DE EDICIÓN
Mención de edición Primera edición
264 ## - Producción, publicación, distribución, fabricación y copyright
Lugar de producción, publicación, distribución, fabricación Ecuador
Nombre del de productor, editor, distribuidor, fabricante Flacso
Fecha de de producción, publicación, distribución, fabricación o copyright 2008
300 ## - DESCRIPCIÓN FÍSICA
Extensión 205
505 ## - NOTA DE CONTENIDO CON FORMATO
Nota de contenido con formato Presentación <br/>Introducción . <br/>Simón Pachano<br/>Tendencias de la ciencia política en Norteamérica<br/>y diálogos con la ciencia política en América Latina . . <br/>Jonathan Hartlyn<br/>Procesos organizativos en el MAS y en Pachakutik:<br/>Dilemas inacabados . .<br/>Sofía Cordero<br/>Sistema de partidos y voto regional en Ecuador:<br/>Un análisis a partir de las elecciones de 2006 . . <br/>Margarita C. Batlle<br/>Democracia directa en Latinoamérica:<br/>entre la delegación y la participación . . <br/>Alicia Lissidini<br/>Democracia directa en Ecuador . . <br/>Simón Pachano<br/>Las organizaciones políticas étnicas en Colombia:<br/>Los indígenas y las elecciones 1990-2006 . . <br/>Javier Duque<br/>Innovaciones participativas y poder<br/>popular en Venezuela . . <br/>Margarita López Maya
650 ## - PUNTO DE ACCESO ADICIONAL DE MATERIA--TÉRMINO DE MATERIA
Término de materia o nombre geográfico como elemento inicial PROCESOS ORGANIZATIVOS
650 ## - PUNTO DE ACCESO ADICIONAL DE MATERIA--TÉRMINO DE MATERIA
Término de materia o nombre geográfico como elemento inicial SISTEMA DE PARTIDOS
650 ## - PUNTO DE ACCESO ADICIONAL DE MATERIA--TÉRMINO DE MATERIA
Término de materia o nombre geográfico como elemento inicial DEMOCRACIA DIRECTA
700 ## - PUNTO DE ACCESO ADICIONAL--NOMBRE DE PERSONA
Nombre de persona Simón Pachana
942 ## - ELEMENTOS DE PUNTO DE ACCESO ADICIONAL (KOHA)
Fuente del sistema de clasificación o colocación Clasificación Decimal Dewey
Tipo de ítem Koha Libros
999 ## - NÚMEROS DE CONTROL DE SISTEMA (KOHA)
Koha biblionumber 14238
Holdings
Estado de pérdida Fuente del sistema de clasificación o colocación Estado dañado No para préstamo Localización permanente Ubicación/localización actual Ubicación en estantería Fecha de adquisición Fuente de adquisición Número de inventario Total de préstamos Signatura topográfica completa Código de barras Fecha visto por última vez Precio válido a partir de Tipo de ítem Koha Centro de costos
  Clasificación Decimal Dewey     Biblioteca Campus Norte Biblioteca Campus Norte Facultad de Ciencias Políticas y Administrativas - Generalidades 03/12/2025 Transitoria segunda Resolución N°0311-CU-UNACH-SE-ORD-16-09-24 39932978   302.2 PAC L018407 L018407 03/12/2025 03/12/2025 Libros  

Powered by Koha